Lengua : 7 egb 1 esb /

Guardado en:
Autor Principal: Seoane, Carolina
Otros Autores: Klein, Irene, Susín, Laura, Di Marzo, Laura, Zunino, Carolina, Roich, Paula, Muschietti, Marcelo
Formato: Libro
Publicado: Buenos Aires : Estrada, 2007
Series:Confluencias
Materias:
Etiquetas: Agregar Etiqueta
Sin Etiquetas, Sea el primero en etiquetar este registro!
LEADER 01043nam a22003015a 4500
001 CEM.cems013485
005 20110303084945.0
008 130507s2007##################000#0#####d
003 CEMS
020 |a 9789500111461 
082 0 4 |a Z468 
100 1 |a Seoane, Carolina 
245 1 0 |a Lengua :  |b 7 egb 1 esb /  |c Carolina Seoane ... [et Al.] 
260 |a Buenos Aires :  |b Estrada,  |c 2007 
300 |a 224 p. 
490 0 |a Confluencias 
500 |a Para nivel Educación Secundaria Básica 
505 0 |a Los mitos -- Los cuentos tradicionales -- Las cartas formales -- Las fábulas -- Las poesías -- Los textos periodísticos -- El teatro -- Los cuentos de ciencia ficción -- Los cuentos de terror -- Las novelas 
653 |a Lengua 
653 |a Lengua-1º esb 
653 |a Lengua-7º egb 
700 1 |a Klein, Irene 
700 1 |a Susín, Laura 
700 1 |a Di Marzo, Laura 
700 1 |a Zunino, Carolina 
700 1 |a Roich, Paula 
700 1 |a Muschietti, Marcelo 
859 |a CEMS  |b BIB. CEMS - 11 de abril  |h Z468  |i Se61  |p 26117.11  |t Ej.1  |v 1  |3 1